书目信息 |
| 题名: |
大学创意写作
|
|
| 作者: | 葛红兵 , 许道军 主编 | |
| 分册: | ||
| 出版信息: | 北京 中国人民大学出版社 2024.07 |
|
| 页数: | 259页 | |
| 开本: | 24cm | |
| 丛书名: | 创意写作书系 | |
| 单 册: | ||
| 中图分类: | H15 | |
| 科图分类: | ||
| 主题词: | 汉语--写作--高等学校--教材 | |
| 电子资源: | ||
| ISBN: | 978-7-300-32868-3 | |
| 000 | 01320oam2 2200313 450 | |
| 001 | 012634337 | |
| 005 | 20250924175826.71 | |
| 010 | @a978-7-300-32868-3@dCNY49.00 | |
| 100 | @a20240803d2024 em y0chiy0120 ea | |
| 101 | 0 | @achi |
| 102 | @aCN@b110000 | |
| 105 | @aa z 000yy | |
| 106 | @ar | |
| 200 | 1 | @a大学创意写作@9da xue chuang yi xie zuo@dCollege creative writing@f葛红兵,许道军主编@zeng |
| 205 | @a2版 | |
| 210 | @a北京@c中国人民大学出版社@d2024.07 | |
| 215 | @a259页@c图@d24cm | |
| 225 | 1 | @a创意写作书系@i写作教学 |
| 300 | @a交互式新形态教材 精品教材 国家社科基金重大项目“世界创意写作前沿理论文献的翻译、整理与研究”、国家社科基金一般项目“创意写作与当代中国文学生态研究”阶段性成果 | |
| 330 | @a本书系统讲述了创意写作的兴起、学科视野、理论基础与教学方法,在此基础上按照“故事与小说”“小品与电影剧本”“非虚构文学与散文”“自由诗与歌词”“电子游戏与剧本杀”“微短剧剧本与短视频脚本”“广告文案与软文”七个部分,分门别类地阐述了不同文体写作的技巧与方法。 | |
| 461 | 0 | @12001 @a创意写作书系 |
| 462 | 0 | @12001@@@a写作教学 |
| 510 | 1 | @aCollege creative writing@zeng |
| 606 | 0 | @a汉语@x写作@x高等学校@j教材 |
| 690 | @aH15@v5 | |
| 701 | 0 | @a葛红兵@9ge hong bing@4主编 |
| 701 | 0 | @a许道军@9xu dao jun@4主编 |
| 801 | 0 | @aCN@c20250911 |
| 905 | @a河南城建学院图书馆@dH15@eG305=2@ZG305=2@f1 | |
| 大学创意写作=College creative writing/葛红兵,许道军主编.-2版.-北京:中国人民大学出版社,2024.07 |
| 259页:图;24cm.-(创意写作书系.写作教学) |
| 交互式新形态教材 精品教材 国家社科基金重大项目“世界创意写作前沿理论文献的翻译、整理与研究”、国家社科基金一般项目“创意写作与当代中国文学生态研究”阶段性成果 |
| ISBN 978-7-300-32868-3:CNY49.00 |
| 本书系统讲述了创意写作的兴起、学科视野、理论基础与教学方法,在此基础上按照“故事与小说”“小品与电影剧本”“非虚构文学与散文”“自由诗与歌词”“电子游戏与剧本杀”“微短剧剧本与短视频脚本”“广告文案与软文”七个部分,分门别类地阐述了不同文体写作的技巧与方法。 |
| ● |
| 相关链接 |
|
|
|
正题名:大学创意写作
索取号:H15/G305=2
 
预约/预借
| 序号 | 登录号 | 条形码 | 馆藏地/架位号 | 状态 | 备注 |
| 1 | 1635481 | 216354816 | 语言库209/209语言库 73排4列4层/ [索取号:H15/G305=2] | 在馆 |